000 03640nam a2200277 i 4500
001 991061132662206706
005 20250827124139.0
008 240522s2024 spc|||| |||| 0|0 f spa|
015 _aLL2024
_2bnc
017 _aDL B 2698-2024
_bBiblioteca de Catalunya
020 _a9788419089823
040 _aES-BaBC
_beng
_erda
_cES-BaBC
041 1 _aSpanish
_heng
100 _aO'Farrell, Maggie
_d1972-
_eautor
_923612
240 1 0 _aDistance between us.
_lSpanish
245 1 3 _aLa Distancia que nos separa
_c/ Maggie O'Farrell ; translated by Concha Cardeñoso Sáenz de Miera
250 _aFirst edition
260 _aBarcelona:
_bLibros del Asteroide,
_c2024
300 _a336 pages ;
_c22 cm
490 1 _aLibros del Asteroide ;
_v314
520 _aInédita en español, una nueva pieza del extraordinario universo de Maggie O’Farrell: un libro cautivador sobre la forma en que la familia moldea nuestra vida. Paseando por Londres, Stella se cruza con un hombre que la devuelve a un momento insoportable de su pasado. Este encuentro la perturba tanto que deja inmediatamente el trabajo y, sin avisar a nadie, se instala en un recóndito lugar de Escocia; solo su impredecible hermana Nina, a quien está muy unida desde niña, sabrá dónde encontrarla. Al otro lado del mundo, en Hong Kong, Jake y su novia están disfrutando de la multitudinaria celebración del Año Nuevo chino cuando ocurre un accidente. Stella y Jake no se conocen, pero ambos huyen de sus vidas: Jake busca un lugar tan remoto que no aparece en ningún mapa, y Stella se esconde de algo cuyo significado únicamente su hermana puede entender. Inédita en español, La distancia que nos separa –la tercera novela de Maggie O’Farrell, publicada por primera vez en 2004–, explora ya algunos de los temas que serán fundamentales en la obra de la autora de Hamnet y El retrato de casada: los lazos afectivos, el peso de los recuerdos y la necesidad de independencia. Una cautivadora historia sobre cómo la familia conforma nuestras vidas, y sobre lo difícil que es, por mucho que lo intentemos, dejar atrás nuestros orígenes.
520 _aUnpublished in Spanish, a new addition to Maggie O’Farrell’s extraordinary universe: a captivating novel about the ways in which family shapes our lives. While walking through London, Stella encounters a man who drags her back to an unbearable moment from her past. The meeting unsettles her so profoundly that she immediately gives up her job and, without telling anyone, retreats to a remote corner of Scotland; only her unpredictable sister Nina, with whom she has been close since childhood, will know where to find her. On the other side of the world, in Hong Kong, Jake and his girlfriend are caught up in the bustling Chinese New Year celebrations when an accident occurs. Stella and Jake are strangers, yet both are running from their own lives: Jake is searching for a place so remote it cannot be found on any map, while Stella is hiding from something whose meaning only her sister can truly understand. The Distance Between Us — Maggie O’Farrell’s third novel, first published in 2004 and now newly available in Spanish — already explores many of the themes that would come to define the work of the author of Hamnet and The Marriage Portrait: the bonds of affection, the weight of memory, and the need for independence. A mesmerising story about how family shapes our existence, and how difficult it is, no matter how hard we try, to leave our origins behind.
700 _aCardeñoso, Concha.
_etranslator
_d1956-
830 0 _aLibros del Asteroide ;
_v314
942 _2lcc
999 _c4880
_d4880